|
|
|
|
| LEADER |
00878naa a2200193 i 4500 |
| 001 |
acta65307 |
| 005 |
20260224081030.0 |
| 008 |
200213s2010 hu o 100 hun d |
| 020 |
|
|
|a 978-963-306-006-3
|
| 040 |
|
|
|a SZTE Egyetemi Kiadványok Repozitórium
|b hun
|
| 041 |
|
|
|a hun
|
| 100 |
1 |
|
|a Horogszegi Zoltán
|
| 245 |
1 |
3 |
|a Az egyszerű ember mindennapjai Zsigmond herceg számadásainak tükrében
|h [elektronikus dokumentum] /
|c Horogszegi Zoltán
|
| 260 |
|
|
|c 2010
|
| 300 |
|
|
|a 75-82
|
| 490 |
0 |
|
|a Középkortörténeti tanulmányok
|v 6
|
| 695 |
|
|
|a Zsigmond - Lengyelország - herceg - Jagelló, Gazdaságtörténet - Magyarország - 15-16. sz. - forrás, Magyarország története - 15-16. sz. - forrás
|
| 710 |
|
|
|a Medievisztikai PhD-konferencia (6.) (2009) (Szeged)
|
| 856 |
4 |
0 |
|u http://acta.bibl.u-szeged.hu/65307/1/kozepkortorteneti_tanulmanyok_06_075-082.pdf
|z Dokumentum-elérés
|